{"text_format":"3","workbook":"xlsx","n_sheets":2,"sheets":["Sheet1","Sheet2"],"read":"whole","date_system":"1900"}

{"sheet":"Sheet1","index":0,"n_rows":37,"n_cols":8,"rows_kept":37,"merged":[[0,0,0,7],[36,0,36,4]]}
["18年布类招标物品明细表"]
["序号","名称","数量","单位","单价：元","总计：元","布料","技术参数"]
[1,"冬男医生服",40,"件",60,{"$f":"C3*E3","v":2400},"全精梳漂白涤卡","JT/C45/2*21/38*7"]
[3,"冬女医生服",40,"件",60,2400,"全精梳漂白涤卡","JT/C45/2*21/38*7"]
[5,"冬护士服",50,"套",150,7500,"全精梳漂白涤卡","JT/C45/2*21/38*7"]
[2,"夏男医生服",40,"件",50,2000,"全精梳漂白线绢布","JT/C25*22.6/104*61"]
[4,"夏女医生服",40,"件",50,2000,"全精梳漂白线绢布","JT/C25*22.6/104*61"]
[6,"夏护士服",50,"件",70,3500,"全精梳漂白线绢布","JT/C25*22.6/104*61"]
[7,"护士帽",50,"顶",10,500]
[29,"口腔科冬男工作服",20,"件",60,1200,"全精梳漂白涤卡","JT/C45/2*21/38*7"]
[31,"口腔科冬女工作服",20,"套",150,3000,"全精梳漂白涤卡","JT/C45/2*21/38*7"]
[33,"口腔科冬护士服",20,"套",150,3000,"全精梳漂白涤卡","JT/C45/2*21/38*7"]
[30,"口腔科夏男工作服",50,"件",50,2500,"全精梳漂白线绢布","JT/C25*22.6/104*61"]
[32,"口腔科夏女工作服",50,"套",130,6500,"全精梳漂白线绢布","JT/C25*22.6/104*61"]
[34,"口腔科夏护士服",50,"套",130,6500,"全精梳漂白线绢布","JT/C25*22.6/104*61"]
[8,"冬工人服",20,"件",50,{"$f":"C16*E16","v":1000},"全棉布料"]
[9,"夏工人服",20,"套",70,1400,"全棉布料"]
[10,"值班被套",20,"个",95,1900,"全棉布料","C40*40/133*70"]
[11,"值班大单",20,"个",65,1300,"全棉布料","C40*40/133*70"]
[12,"值班枕套",20,"个",15,300,"全棉布料","C40*40/133*70"]
[13,"病区被套",110,"个",80,8800,"全棉纱卡","C21*21/108*58"]
[14,"病区大单",130,"个",60,7800,"全棉纱卡","C21*21/108*58"]
[15,"病区枕套",200,"个",15,3000,"全棉纱卡","C21*21/108*58"]
[16,"冬病人服",70,"套",70,4900,"绒布全棉","C16*16/70*60"]
[17,"骨科裤",5,"条",40,200,"全棉纱卡"]
[18,"手术衣",120,"件",60,7200,"全棉纱卡"]
[19,"洗手衣裤",120,"套",60,7200,"全棉纱卡"]
[20,"大孔巾",50,"件",130,6500,"全棉纱卡"]
[21,"上下单",60,"件",100,6000,"全棉纱卡"]
[22,"大包布",50,"件",90,4500,"全棉纱卡"]
[23,"中包布",50,"件",80,4000,"全棉纱卡"]
[24,"小包布",50,"件",60,3000,"全棉纱卡"]
[25,"小方巾（单层）",100,"件",25,2500,"全棉纱卡"]
[26,"手术室床单",100,"件",65,6500,"全棉纱卡"]
[27,"洗手衣裤（长袖）",50,"套",65,3250,"全棉布料"]
[28,"隔离衣",20,"件",60,1200,"全棉布料"]
["合计",{"$nulls":4},{"$f":"SUM(F3:F36)","v":125450}]

{"sheet":"Sheet2","index":1,"n_rows":10,"n_cols":6,"rows_kept":10,"merged":[[0,0,0,7]]}
["商场直购"]
[35,"七孔被",30,"床",135,{"$f":"C2*E2","v":4050}]
[36,"踏花被",30,"床",70,2100]
[37,"枕芯",60,"个",25,1500]
[38,"褥套",10,"个",30,300]
[39,"棉垫",10,"个",60,600]
[40,"浴巾",10,"条",35,350]
[41,"毛巾",100,"条",10,1000]
[42,"小方巾",200,"条",3.5,700]
[43,"抹布",600,"条",3.5,2100]